000 00737cam a22002651 4500
001 sa 67001102
003 DLC
005 20260227112319.0
008 890707s1963 ii abc b 000 0 hino
010 _asa 67001102
035 _a(OCoLC)19977809
040 _aDLC
_cWaU
_dDLC
042 _apremarc
043 _aa-ii---
050 0 0 _aBL1373.J3
_bK3
100 1 _aBaruā, Jaiminī Kauśika.
245 1 0 _aŚrī Sūrajamala Jālāna.
260 _c[1963]
300 _a433 p.
_bill. (part col.) maps, ports. (part col.)
_c27 cm.
500 _aIn Hindi.
504 _aBibliographical footnotes.
600 1 0 _aJalan, Surajmull,
_d1881-1938.
650 0 _aTemples
_zIndia
_zRajasthan.
700 1 _aNevaṭiyā, Rādhākr̥shṇa,
999 _c72382
_d72382